| 000 | 01491nam a22004097a 4500 | ||
|---|---|---|---|
| 001 | 0024851 | ||
| 003 | KOHA_MİRAKIL | ||
| 005 | 20260207002451.0 | ||
| 007 | ta | ||
| 008 | 101112b2005 tu |||gr||||#0|||1|tur | | ||
| 020 |
_a9756360208 _c7,51 |
||
| 040 |
_aTR-BiSEU _btur _cTR-BiSEU _erda |
||
| 041 | 0 | _atur | |
| 044 | _ctu | ||
| 050 |
_aPE1128 _b.P65 2005 |
||
| 100 | 1 | _aPolat, Mustafa Haşim. | |
| 245 | 1 |
_aİngilizcenin Yarısı / _cMustafa Haşim Polat ; Mustafa Haşim Polat. |
|
| 264 | 1 |
_aAnkara : _bBabil _c2005 |
|
| 300 | _a270 sayfa | ||
| 336 |
_ametin _btxt _2rdacontent |
||
| 337 |
_aaracısız _bn _2rdamedia |
||
| 338 |
_acilt _bnc _2rdacarrier |
||
| 500 | _aDizin var. | ||
| 650 | 0 |
_aEnglish language--Textbooks for foreign speakers--Turkish. _93457 |
|
| 650 | 0 |
_aEnglish language--Study and teaching--Foreign speakers. _911598 |
|
| 650 | 0 |
_aİngiliz dili--Yabancılar için ders kitapları--Türkçe. _950562 |
|
| 650 | 0 |
_aİngilizce--Öğretim Kitapları. _950563 |
|
| 650 | 0 |
_aEnglish language--Textbooks for foreign speakers--Turkish. _93457 |
|
| 650 | 0 |
_aİngiliz dili--Öğretim--Türkler için. _950564 |
|
| 650 | 0 |
_aİngiliz Dili--Dilbilgisi. _95136 |
|
| 650 | 0 |
_aİngiliz Dili--Gramer. _950565 |
|
| 650 | 0 |
_aİngiliz dili--Çalışma ve öğretim--Yabancılar. _950566 |
|
| 650 | 0 |
_aEnglish language--Study and teaching--Foreign speakers. _911598 |
|
| 650 | 0 |
_aİngilizce--Öğretim Kitapları. _950563 |
|
| 907 | _aDil | ||
| 942 |
_2lcc _cBK |
||
| 999 |
_c24801 _d24801 |
||